00390nam a2200145Ia 450000500170000000800410001702000150005808200130007310000210008624500640010726000280017130000160019965000140021565000150022920240717015036.0240331s9999 xx 000 0 und d a0415123313 bBEIa200 aBeit-Hallahmi, B 4aThe psychology of religious behaviour belief and experience aLondonbRoutledgec1997 ax, 318 p ., aReligious aPsychology